000 01837nam0a2200313 4500
001 RU\NLR\bibl\1528354
005 20260405154637.0
010 _a978-5-904029-12-8
_9500
021 _aRU
_b2010-39913
_92673
035 _a(NLR Aleph) 001519692
090 _a132505
_c132505
100 _a20100628d2010 |||y0rusy50 ca
101 0 _arus
102 _aRU
105 _aa |||||||||
200 1 _aСтенографические и криптографические методы защиты информации
_eучебное пособие
_eдля студентов ПГУТИ, обучающихся по специальностям: 210400, 210401, 210402, 210403, 210404, 210405, 210406, 201302, 090106
_fА. П. Алексеев, В. В. Орлов
210 _aСамара
_cГосударственное образовательное учреждение высшего профессионального образования "Поволжский государственный университет телекоммуникаций и информатики"
_d2010
215 _a332 с.
_cил., факс.
_d21
320 _aБиблиогр.: с. 327-328 (25 назв.)
606 1 _aИнформация
_jУчебные издания для высших учебных заведений
_xЗащита
_91603819
_3RU\NLR\auth\661004510
686 _aЗ811я73-1
700 1 _4070
_7ca
_8rus
_aАлексеев
_bА. П.
_cканд. техн. наук
_gАлександр Петрович
_924509
_3RU\NLR\AUTH\7741561
701 1 _4070
_7ca
_8rus
_aОрлов
_bВ. В.
_cканд. техн. наук
_gВладимир Владимирович
_948487
_3RU\NLR\AUTH\7765558
801 0 _aRU
_bNLR
_c20100628
_gRCR
801 1 _aRU
_bNLR
_c20100628
942 _cBOOK
980 _aNB